México y República Dominicana : (Registro nro. 15191)

Detalles MARC
000 -LEADER
fixed length control field 01629nam a2200349 i 4500
001 - CONTROL NUMBER
control field 000022307
003 - CONTROL NUMBER IDENTIFIER
control field DO-SdBPM
005 - DATE AND TIME OF LATEST TRANSACTION
control field 20250620112952.0
007 - PHYSICAL DESCRIPTION FIXED FIELD--GENERAL INFORMATION
fixed length control field ta
008 - FIXED-LENGTH DATA ELEMENTS--GENERAL INFORMATION
fixed length control field 100927s1999 dr 000 0 spa d
020 ## - INTERNATIONAL STANDARD BOOK NUMBER
International Standard Book Number 8492373644
040 ## - CATALOGING SOURCE
Original cataloging agency DO-SdBPM
Language of cataloging spa
Transcribing agency BNPHU
Description conventions rda
041 ## - LANGUAGE CODE
Language code of text/sound track or separate title spa
082 #4 - DEWEY DECIMAL CLASSIFICATION NUMBER
Classification number 327.7207293
Item number M611r 1999
Edition number 22
245 00 - TITLE STATEMENT
Title México y República Dominicana :
Remainder of title perspectiva histórica y contemporánea /
Statement of responsibility, etc. compilador Pablo A. Mariñez ; editor José Chez Checo.
264 #4 - PRODUCTION, PUBLICATION, DISTRIBUTION, MANUFACTURE, AND COPYRIGHT NOTICE
Place of production, publication, distribution, manufacture Santo Domingo :
Name of producer, publisher, distributor, manufacturer Comisión Permanente de la Feria del Libro,
Date of production, publication, distribution, manufacture, or copyright notice ©1999.
300 ## - PHYSICAL DESCRIPTION
Extent 377 páginas ;
Dimensions 24 cm.
336 ## - CONTENT TYPE
Content type term texto
Content type code txt
Source rdacontent
337 ## - MEDIA TYPE
Media type term sin mediación
Media type code n
Source rdamedia
338 ## - CARRIER TYPE
Carrier type term volumen
Carrier type code nc
Source rdacarrier
500 ## - GENERAL NOTE
General note Incluye referencias bibliográficas y notas al pie de las páginas
505 0# - FORMATTED CONTENTS NOTE
Formatted contents note Presentación -- Desarrollo histórico político de República Dominicana y México: paralelismos, coincidencias y diferencias --Primera parte. Pedro Henríquez Ureña, y las relaciones culturales dominico-mexicanas --Segunda parte. Documentos histórico-políticos --Tercera parte. Visitas presidenciales -- Datos bio-bibliográficos
590 ## - LOCAL NOTE (RLIN)
Local note Inventariado, 2025/VM
650 #7 - SUBJECT ADDED ENTRY--TOPICAL TERM
Topical term or geographic name as entry element Intercambio literario y científico
650 #7 - SUBJECT ADDED ENTRY--TOPICAL TERM
Topical term or geographic name as entry element Relaciones internacionales y cultura
651 #7 - SUBJECT ADDED ENTRY--GEOGRAPHIC NAME
Geographic name República Dominicana
General subdivision Relaciones exteriores
Geographic subdivision México
651 #7 - SUBJECT ADDED ENTRY--GEOGRAPHIC NAME
Geographic name México
General subdivision Relaciones exteriores
Geographic subdivision República Dominicana
700 1# - ADDED ENTRY--PERSONAL NAME
Personal name Mariñez, Pablo A.,
Relator term compilador
Relator code comp.
700 1# - ADDED ENTRY--PERSONAL NAME
Personal name Chez Checo, José,
Dates associated with a name 1949-
Relator term editor
Relator code ed.
910 ## - USER-OPTION DATA (OCLC)
User-option data VMateo V. Control de calidad. BPMSU
942 ## - ADDED ENTRY ELEMENTS (KOHA)
Source of classification or shelving scheme Dewey Decimal Classification
Koha item type Libros
Existencias
Withdrawn status Lost status Source of classification or shelving scheme Damaged status Not for loan Collection code Home library Current library Date acquired Total Checkouts Full call number Barcode Date last seen Price effective from Koha item type
    Dewey Decimal Classification     Colección Dominicana Biblioteca Pública Metropolitana Salomé Ureña Biblioteca Pública Metropolitana Salomé Ureña 06/20/2025   BPMSU CD 327.7207293 M611r 1999 BPMSU25060082 06/20/2025 06/20/2025 Libros